000 00450nam a2200169 a 4500
001 6799
003 CO-ViMGA
008 141112s2004 ck r 000 u spa d
040 _aCO-ViMGA
_bspa
_cCO-ViMGA
082 0 4 _a823.914 V421
100 1 _aVidal, Gore
_95749
245 1 0 _aEn busca del rey :
_buna leyenda del siglo XII
260 _aBuenos Aires :
_bSudAméricana,
_c1985
300 _a244 p
650 1 4 _aNOVELA INGLESA
_95750
942 _2ddc
_cBK
999 _c18768
_d18768